Κοινωνική ψυχολογία

Αποθηκεύτηκε σε:
Λεπτομέρειες βιβλιογραφικής εγγραφής
Κύριος συγγραφέας: Maisonneuve, Jean, 1918-2017
Μορφή: Βιβλίο
Γλώσσα:Greek
French
Δημοσίευση: Αθήνα : Ζαχαρόπουλος, 1990.
Σειρά:Τί ξέρω; = Que sais-je? (Ι. Ζαχαρόπουλος)
Θέματα:
Ετικέτες: Προσθήκη ετικέτας
Δεν υπάρχουν, Καταχωρήστε ετικέτα πρώτοι!

MARC

LEADER 00000cam a2200000 i 4500
001 1/15362
008 980604s1990 gr | ||| |||| ||gre||
020 |a 9602270136 
035 |l 10019797 
040 |a GR-MyUA  |b gre  |e AACR2 
041 1 |a gre  |h fre 
082 0 |a 301.1 
100 1 |a Maisonneuve, Jean,   |d 1918-2017. 
245 1 0 |a Κοινωνική ψυχολογία /   |c Jean Maisonneuve.  
260 |a Αθήνα :   |b Ζαχαρόπουλος,   |c 1990.  
300 |a 111 σ.  
490 1 |a (Τι ξέρω; =   |a Que sais-je?) 
650 0 0 |a Social psychology. 
765 0 8 |i Μετάφραση του:   |t La psychologie sociale /  
830 0 |a Τί ξέρω; = Que sais-je? (Ι. Ζαχαρόπουλος) 
852 |a INST  |b LESVOS  |e 19980604  |h 301.1 MAI  |p 005100013906  |q 005100013906  |t BK  |y 0 
852 |a INST  |b RHODES  |e 19990323  |h 301.1 MAI  |p 005400005601  |q 005400005601  |t BK  |y 0 
901 |a BIBL-1998-2 
909 |a Λ  |b 057140 
909 |a Ρ  |b 058037 
922 |a 1ΕΛΗ  |b 199805  |c ΚΠΣ/ΤΚ  |d EMVASIS 
922 |a 4ΕΛΗ  |b 199806  |c ΚΠΣ/Ν  |d EMVASIS 
950 |a 103-1998-02-03